Guess the Proposed Flags of Countries - Statistics

General Stats
  • This quiz has been taken 60 times
  • The average score is 4 of 8
Answer Stats
Picture Answer % Correct
Algeria
94%
United Kingdom
88%
Kazakhstan
58%
China
42%
Vietnam
27%
Angola
17%
Bosnia
13%
Ukraine
13%
No matching quizzes found
Score Distribution
Percent of People with Each Score
Percentile by Number Answered
Your Score History
You have not taken this quiz